| 000 | 00761nam a22001937a 4500 | ||
|---|---|---|---|
| 999 |
_c371541 _d371541 |
||
| 008 | 201127b ||||| |||| 00| 0 eng d | ||
| 040 |
_aDE-2950 _bger _cDE-2950 _erda |
||
| 041 | _ager | ||
| 245 |
_aViadrina setzt Kooperation aus. _bRussland-Ukraine-Krieg: Die Zusammenarbeit mit Partnern in Russland liegt vorerst auf Eis. 13 Studierende können ihren Austausch nicht antreten/ _cJacqueline Westermann |
||
| 264 | _c2022 | ||
| 653 | _aFrankfurt (Oder) | ||
| 653 | _aViadrina | ||
| 653 | _aAussetzung Kooperation | ||
| 773 |
_dFrankfurt (Oder) Märkisches Verlags- und Druckhaus GmbH & Co KG _tMärkische Oderzeitung _g33. Jahrgang (2022) Nr. 73 vom 28.03.2022, S. 11 |
||
| 942 | _cA | ||